[Event "Reykjavik op"]
[Site "Reykjavik"]
[Date "2025.04.15"]
[Round "9"]
[White "Martin, Nils"]
[Black "Tirronen, Esa"]
[Result "1-0"]
[WhiteElo "2181"]
[BlackElo "1923"]
[PlyCount "63"]
[EventDate "2025.04.09"]
[EventType "swiss"]
[EventRounds "9"]
[EventCountry "ISL"]
[SourceTitle "CB17_2025"]
[SourceDate "2025.04.23"]
[SourceVersion "1"]
[SourceVersionDate "2025.04.23"]
[SourceQuality "1"]

1. e4 c5 2. Nf3 d6 3. d4 cxd4 4. Nxd4 Nf6 5. Nc3 g6 6. Be3 Nc6 7. f3 h5 8. Qd2 Nxd4 9. Bxd4 Bh6 10. Be3 Bxe3 11. Qxe3 Be6 12. Bb5+ Kf8 13. 0-0 Qa5 14. f4 Rc8 15. f5 Bc4 16. Bxc4 Rxc4 17. fxg6 fxg6 18. Qh3 Kf7 19. Nd5 Qc5+ 20. Kh1 Rxe4 21. Qb3 Kg7 22. Nxf6 Rb4 23. Nd7 Rxb3 24. Nxc5 Rxb2 25. Ne6+ Kh6 26. Rf7 Rxc2 27. h4 g5 28. hxg5+ Kg6 29. Raf1 h4 30. Rg7+ Kh5 31. g6 Rh6 32. Rf5+ 1-0

[Event "Reykjavik op"]
[Site "Reykjavik"]
[Date "2025.04.12"]
[Round "5"]
[White "Martin, Nils"]
[Black "Belic, Nebojsa"]
[Result "1-0"]
[WhiteElo "2181"]
[BlackElo "1850"]
[PlyCount "33"]
[EventDate "2025.04.09"]
[EventType "swiss"]
[EventRounds "9"]
[EventCountry "ISL"]
[SourceTitle "CB17_2025"]
[SourceDate "2025.04.23"]
[SourceVersion "1"]
[SourceVersionDate "2025.04.23"]
[SourceQuality "1"]

1. e4 b6 2. d4 Bb7 3. Nd2 e6 4. Ngf3 Nf6 5. e5 Ne4 6. Nxe4 Bxe4 7. Bd3 Bxd3 8. Qxd3 c5 9. d5 exd5 10. Qxd5 Nc6 11. 0-0 Be7 12. Rd1 Qc7 13. Bf4 Rd8 14. Bg3 Nb4 15. Qc4 Qc6 16. c3 b5 17. Qg4 1-0

[Event "Reykjavik op"]
[Site "Reykjavik"]
[Date "2025.04.10"]
[Round "3"]
[White "Martin, Nils"]
[Black "Gunnarsson, Jon Viktor"]
[Result "0-1"]
[WhiteElo "2181"]
[BlackElo "2439"]
[PlyCount "56"]
[EventDate "2025.04.09"]
[EventType "swiss"]
[EventRounds "9"]
[EventCountry "ISL"]
[SourceTitle "CB17_2025"]
[SourceDate "2025.04.23"]
[SourceVersion "1"]
[SourceVersionDate "2025.04.23"]
[SourceQuality "1"]

1. e4 c5 2. Nf3 d6 3. d4 cxd4 4. Nxd4 Nf6 5. Nc3 g6 6. Be3 Bg7 7. f3 a6 8. g4 b5 9. g5 Nfd7 10. a4 bxa4 11. h4 Nc5 12. h5 e6 13. Qd2 Bd7 14. Qh2 Qb6 15. 0-0-0 a3 16. bxa3 Nc6 17. hxg6 fxg6 18. Nde2 Ne5 19. Bd4 Rb8 20. Bxe5 Bxe5 21. f4 Qb2+ 22. Kd2 Bxc3+ 23. Nxc3 Nb3+ 24. Kd3 Rc8 25. Nb1 Qd4+ 26. Ke2 Rxc2+ 27. Ke1 Qe3+ 28. Be2 Bc8 0-1

[Event "Reykjavik op"]
[Site "Reykjavik"]
[Date "2025.04.10"]
[Round "2"]
[White "Martin, Nils"]
[Black "Wiesebach, Wolfgang"]
[Result "1-0"]
[WhiteElo "2181"]
[BlackElo "1971"]
[PlyCount "85"]
[EventDate "2025.04.09"]
[EventType "swiss"]
[EventRounds "9"]
[EventCountry "ISL"]
[SourceTitle "CB17_2025"]
[SourceDate "2025.04.23"]
[SourceVersion "1"]
[SourceVersionDate "2025.04.23"]
[SourceQuality "1"]

1. e4 c5 2. Nf3 d6 3. d4 cxd4 4. Nxd4 Nf6 5. Nc3 g6 6. Be3 Bg7 7. f3 Nc6 8. Qd2 h5 9. 0-0-0 a6 10. Kb1 Qc7 11. f4 Bg4 12. Re1 Rd8 13. f5 h4 14. fxg6 fxg6 15. h3 Bc8 16. Nf3 b5 17. Nd5 Nxd5 18. exd5 Ne5 19. Nxe5 Bxe5 20. Bd3 Kf7 21. Qf2+ Kg7 22. Bb6 Qd7 23. Bxd8 Qxd8 24. Rhf1 Bf6 25. g3 Bxh3 26. Rh1 Qd7 27. Reg1 Bf5 28. Bxf5 Qxf5 29. Qxf5 gxf5 30. gxh4+ Kf7 31. h5 f4 32. h6 e5 33. dxe6+ Kxe6 34. b3 Be5 35. h7 Kf5 36. Kc1 b4 37. Kd1 Ke4 38. Rg8 Ke3 39. Re1+ Kf2 40. Rxe5 dxe5 41. Rxh8 e4 42. Re8 e3 43. h8Q 1-0

[Event "Norway Chess op"]
[Site "Stavanger"]
[Date "2024.05.26"]
[Round "4"]
[White "Martin, Nils"]
[Black "Derlich, Sarah Sima"]
[Result "1-0"]
[WhiteElo "2057"]
[BlackElo "1945"]
[PlyCount "95"]
[EventDate "2024.05.24"]
[EventType "swiss"]
[EventRounds "9"]
[EventCountry "NOR"]
[SourceTitle "CBM 220 Extra"]
[Source "ChessBase"]
[SourceDate "2024.07.31"]
[SourceVersion "1"]
[SourceVersionDate "2024.07.31"]
[SourceQuality "1"]

1. e4 c6 2. d4 d5 3. Nd2 dxe4 4. Nxe4 Bf5 5. Ng3 Bg6 6. Nh3 e6 7. Nf4 Bd6 8. c3 Qc7 9. Qf3 Nf6 10. h4 Nbd7 11. h5 Bc2 12. h6 g6 13. Bd3 Bxd3 14. Nxd3 0-0 15. Bg5 Nd5 16. Ne4 e5 17. c4 Nf4 18. 0-0 f6 19. Bxf4 exf4 20. Nxd6 Qxd6 21. Qxf4 Qxf4 22. Nxf4 Rfe8 23. Rfe1 Kf7 24. g4 g5 25. Nh5 Nb6 26. b3 Rad8 27. Rxe8 Rxe8 28. Ng3 Nc8 29. Kf1 Rd8 30. Rd1 Ne7 31. Ke2 Ng6 32. Nf5 Ne7 33. Kd3 Nxf5 34. gxf5 c5 35. Kc3 Rd7 36. Rd2 Rd8 37. dxc5 Rxd2 38. Kxd2 Ke7 39. Ke3 Kd7 40. Kd4 Kc6 41. b4 a6 42. a4 a5 43. b5+ Kc7 44. f3 Kd8 45. Kd5 Kd7 46. b6 g4 47. fxg4 Kc8 48. Ke6 1-0

[Event "Menton op 19th"]
[Site "Menton"]
[Date "2022.10.23"]
[Round "1"]
[White "Fischer, Daniel1"]
[Black "Martin, Nils"]
[Result "1-0"]
[WhiteElo "2404"]
[BlackElo "2023"]
[PlyCount "105"]
[EventDate "2022.10.23"]
[EventType "swiss"]
[EventRounds "9"]
[EventCountry "FRA"]
[SourceTitle "EXT 2024"]
[Source "ChessBase"]
[SourceDate "2023.10.10"]
[SourceVersion "1"]
[SourceVersionDate "2023.10.10"]
[SourceQuality "1"]

1. e4 e5 2. Nf3 Nc6 3. Bb5 a6 4. Ba4 Nf6 5. 0-0 b5 6. Bb3 Bb7 7. d3 Bc5 8. Nc3 h6 9. Nd5 d6 10. Be3 0-0 11. c3 Re8 12. Nxf6+ Qxf6 13. Bd5 Nd8 14. Bxb7 Nxb7 15. b4 Bxe3 16. fxe3 Rad8 17. Nd4 Qg5 18. Nf5 d5 19. exd5 Nd6 20. e4 c6 21. h4 Qg6 22. dxc6 Nxe4 23. c7 Rd7 24. Qf3 Qb6+ 25. Kh1 Nd6 26. Nxg7 Qxc7 27. Nxe8 Nxe8 28. Rae1 Qd8 29. Rxe5 Qxh4+ 30. Qh3 Qxh3+ 31. gxh3 Nc7 32. Rf3 Ne6 33. a4 Nc7 34. axb5 axb5 35. c4 bxc4 36. dxc4 Rd4 37. Rc5 Ne6 38. Rc8+ Kg7 39. b5 Rd1+ 40. Kg2 Rb1 41. Rc6 Nd4 42. Rg3+ Kh7 43. Rf6 Rb2+ 44. Rf2 Rb4 45. Rxf7+ Kh8 46. Ra3 Kg8 47. Rd7 Rb2+ 48. Kg3 Nf5+ 49. Kf4 Ng7 50. Rg3 h5 51. Rgxg7+ Kh8 52. Rge7 Rf2+ 53. Kg3 1-0

[Event "FRA-ch Blitz Online Qual"]
[Site "Europe Echecs INT"]
[Date "2020.05.16"]
[Round "10"]
[White "Martin, Nils"]
[Black "Mekhane, Adam"]
[Result "0-1"]
[WhiteElo "1639"]
[BlackElo "2013"]
[PlyCount "72"]
[EventDate "2020.05.16"]
[EventType "swiss (blitz)"]
[EventRounds "15"]
[EventCountry "FRA"]
[SourceTitle "CBM 196 Extra"]
[Source "ChessBase"]
[SourceDate "2020.07.31"]
[SourceVersion "1"]
[SourceVersionDate "2020.07.31"]
[SourceQuality "1"]

1. e4 c5 2. Nf3 Nc6 3. Bb5 g6 4. c3 Bg7 5. d4 Nf6 6. Nbd2 cxd4 7. cxd4 Qb6 8. Bxc6 bxc6 9. 0-0 0-0 10. Re1 d5 11. e5 Ne8 12. Nb3 Nc7 13. Bf4 Ne6 14. Be3 a5 15. Rc1 a4 16. Nc5 Nxc5 17. Rxc5 Qxb2 18. Rc3 Qxc3 19. Re2 Bg4 20. Rc2 Qa5 21. Rxc6 Rfc8 22. Qc2 Rxc6 23. Qxc6 Bxf3 24. gxf3 h6 25. Kg2 a3 26. Bd2 Qd8 27. Bb4 e6 28. Bd6 Rc8 29. Qa4 Qg5+ 30. Kh3 Rc3 31. Qd1 Qf5+ 32. Kg3 h5 33. h4 Bh6 34. Qh1 Qf4+ 35. Kh3 Rxf3+ 36. Kg2 Rxf2+ 0-1

[Event "FRA-ch Blitz Online Qual"]
[Site "Europe Echecs INT"]
[Date "2020.05.16"]
[Round "12"]
[White "Martin, Nils"]
[Black "Oney, Remel"]
[Result "1/2-1/2"]
[WhiteElo "1639"]
[BlackElo "1781"]
[PlyCount "137"]
[EventDate "2020.05.16"]
[EventType "swiss (blitz)"]
[EventRounds "15"]
[EventCountry "FRA"]
[SourceTitle "CBM 196 Extra"]
[Source "ChessBase"]
[SourceDate "2020.07.31"]
[SourceVersion "1"]
[SourceVersionDate "2020.07.31"]
[SourceQuality "1"]

1. e4 Nf6 2. e5 Nd5 3. d4 d6 4. exd6 exd6 5. c4 Nb6 6. Nc3 Nc6 7. Nf3 Bg4 8. Be2 Be7 9. b3 0-0 10. 0-0 Bf6 11. Be3 d5 12. c5 Nc8 13. h3 Bh5 14. a4 h6 15. Rb1 N8e7 16. b4 Nf5 17. b5 Nxe3 18. fxe3 Na5 19. Qd2 Nc4 20. Bxc4 dxc4 21. Qe2 Bg6 22. e4 Bxd4+ 23. Kh1 Bxc3 24. Qxc4 Bf6 25. Rbd1 Qe7 26. Rfe1 Be5 27. Nxe5 Qxe5 28. Rd5 Qg3 29. Re2 Rad8 30. e5 Rxd5 31. Qxd5 Bd3 32. Rb2 Re8 33. Rb3 Rxe5 34. Qd8+ Kh7 35. Qxd3+ Qxd3 36. Rxd3 Rxc5 37. Rd7 f5 38. Kh2 Kg6 39. Kg3 Kf6 40. Kf3 Rc4 41. g4 fxg4+ 42. hxg4 g6 43. a5 Rc5 44. a6 bxa6 45. bxa6 Rc6 46. Kf4 Rxa6 47. Rxc7 Ra4+ 48. Kg3 a5 49. Rc6+ Kg5 50. Rc5+ Kf6 51. Rc6+ Kf7 52. Rc7+ Ke6 53. Rc6+ Kd5 54. Rxg6 Ra3+ 55. Kh4 Ra1 56. Rxh6 a4 57. g5 a3 58. g6 Rg1 59. Rh5+ Kc4 60. Ra5 Kb3 61. Kh5 a2 62. Kh6 Rh1+ 63. Kg5 Rg1+ 64. Kf6 a1Q+ 65. Rxa1 Rxa1 66. g7 Rf1+ 67. Ke7 Rg1 68. Kf7 Rxg7+ 69. Kxg7 1/2-1/2